Codex alimentarius : cereales, legumbres, leguminosas y productos proteínicos especiales. /

Guardado en:
Autores Corporativos: Organización Mundial de la Salud., Organización de las Naciones Unidas para la Agricultura y la Alimentación.
Formato: Libro
Idioma:Spanish
Publicado: Roma : FAO, 2007.
Acceso en línea:Texto completo
Etiquetas: Agregar Etiqueta
Sin Etiquetas, Sea el primero en etiquetar este registro!
LEADER 00911nam a22002055a 4500
001 EEA.libagro008063
005 20161123124335.0
008 130809s2007####it#a##########000#0#spa#d
020 |a 9789253058426 
022 |a 1020-2579 
082 0 4 |a 641.3 
082 0 4 |a 614.3 
245 1 0 |a Codex alimentarius :  |b cereales, legumbres, leguminosas y productos proteínicos especiales. /  |c Comisión del Codex Alimentarius, Organización Mundial de la Salud, Organización de las Naciones Unidas para la Agricultura y la Alimentación. 
260 |a Roma :  |b FAO,  |c 2007. 
300 |a 115 p. :  |b il. ;  |c 25 cm. 
530 |a Disponible también en línea. 
710 2 |a Organización Mundial de la Salud. 
710 2 |a Organización de las Naciones Unidas para la Agricultura y la Alimentación. 
856 |u http://www.fao.org/docrep/010/a1392s/a1392s00.HTM  |3 Texto completo 
859 |a AR-BbBCA  |b BIB. AGRONOMIA  |h 641.3  |i F218-8  |p 2008/5452